|
|
|
|
| LEADER |
00000nam0a2200000 4500 |
| 001 |
364555 |
| 005 |
20231102011712.0 |
| 035 |
|
|
|a (RuTPU)RU\TPU\retro\21913
|
| 090 |
|
|
|a 364555
|
| 100 |
|
|
|a 20211118d1981 km y0rusy50 ca
|
| 101 |
0 |
|
|a rus
|
| 102 |
|
|
|a RU
|
| 105 |
|
|
|a a z 001zb
|
| 200 |
1 |
|
|a Братья Чайковский
|e очерки
|f Б. Я. Аншаков
|
| 210 |
|
|
|a Ижевск
|c Удмуртия
|d 1981
|
| 215 |
|
|
|a 84 с.
|c ил.
|
| 320 |
|
|
|a Библиогр.: с.
|
| 600 |
|
1 |
|a Чайковский
|g Петр Ильич
|b П. И.
|c русский композитор
|f 1840-1893
|2 stltpush
|3 (RuTPU)RU\TPU\pers\1137
|
| 600 |
|
1 |
|a Чайковский
|b Н. И.
|c инженер путей сообщения
|c действительный статский советник
|f 1838-1911
|g Николай Ильич
|2 stltpush
|3 (RuTPU)RU\TPU\pers\39885
|9 21143
|
| 600 |
|
1 |
|a Чайковский
|b М. И.
|c драматург, либреттист, музыкальный критик
|c младший брат Петра Ильича Чайковского
|f 1850-1916
|g Модест Ильич
|2 stltpush
|3 (RuTPU)RU\TPU\pers\42979
|9 21604
|
| 606 |
1 |
|
|a Композиторы
|2 stltpush
|3 (RuTPU)RU\TPU\subj\15032
|9 41330
|
| 610 |
1 |
|
|a музыка
|
| 610 |
1 |
|
|a музыкальная деятельность
|
| 610 |
1 |
|
|a музыкальное творчество
|
| 610 |
1 |
|
|a музыкальные деятели
|
| 610 |
1 |
|
|a русская музыка
|
| 610 |
1 |
|
|a персоналии
|
| 610 |
1 |
|
|a семья
|
| 675 |
|
|
|a 78.071.1
|v 4
|
| 700 |
|
1 |
|a Аншаков
|b Б. Я.
|g Борис Яковлевич
|
| 801 |
|
1 |
|a RU
|b 63413507
|c 20211118
|
| 942 |
|
|
|c BK
|